00477nam a2200133Ia 4500008004100000041000800041082000800049100003000057245004100087260003900128906001200167999001700179952014700196221007s9999 xx 000 0 und d aeng bBBC aBBC Worldwide Ltd.996453 aDays That Shook The World : Disc - 2 c2010bSaregama India Ltd.aKolkata bGeneral c60831d60831 00104070aHIMRbHIMRd2011-05-01eDream Beckons Educational Booksi18345l0o BBCpHIMR-AV-1287r2022-10-07 00:00:00w2011-01-24yVCzAV1287